| 000 | 00443nam a2200169 4500 | ||
|---|---|---|---|
| 001 | 14707 | ||
| 005 | 20230410121046.0 | ||
| 008 | 060907n1998 dr spa | ||
| 020 | _a9562014096 | ||
| 035 | _9funglode14832 | ||
| 041 | _aES | ||
| 050 | 1 | 4 | _aJL 2631 D598 1998 |
| 245 | 0 |
_aDireccion y Gerencia Publica : _bgestión para el cambio |
|
| 260 |
_aSantiago : _b Dolmen Ediciones, _c1998 |
||
| 300 | _a297 p. | ||
| 942 |
_2lcc _cbk |
||
| 999 |
_c57127 _d57127 |
||